| 000 | 01107nam0a22003011 4500 | ||
|---|---|---|---|
| 001 | rc\2227994 | ||
| 005 | 20110826154449.4 | ||
| 035 | _a(NLR Aleph) 006529840 | ||
| 090 |
_a6521433 _c6521433 |
||
| 100 | _a20110826g19791980|||y0rusy50 ca | ||
| 101 | 0 | _arus | |
| 102 | _aRU | ||
| 105 | _aa z ||||| | ||
| 200 | 1 |
_aТеоретические проблемы товароведения _eСб. науч. тр. _fМоск. кооп. ин-т _g[Под науч. ред. Склянникова В.П., Попенко С.Г.] |
|
| 210 |
_aМосква _cМКИ _d1979 (вып. дан. 1980) |
||
| 215 |
_a149 с. _cил. _d19 |
||
| 606 |
_aТовароведение _jСборники _2psbo |
||
| 686 |
_aЖ609я43 _2rubbk |
||
| 702 | 1 |
_aПопенко _bС. Г. _4340 |
|
| 702 | 1 |
_aСклянников _bВ. П. _gВладимир Петрович _4340 |
|
| 712 | 0 | 2 | _aМосковский кооперативный ин-т |
| 801 | 0 |
_aRU _bNLR _gpsbo |
|
| 801 | 1 |
_aRU _bELAR _2rusmarc |
|
| 852 |
_aNLR _j80-3/6816 |
||
| 899 |
_aRuMoRGB _jБ 80-20/23 |
||
| 899 |
_aRuMoRGB _jБ 80-20/24 |
||
| 942 | _cBOOK | ||
| 980 | _aNB | ||